| 000 | 01951nam a2200481Ii 4500 | ||
|---|---|---|---|
| 001 | DIGAKAL0042 | ||
| 003 | NyNyDIG | ||
| 008 | 170110s2009 sp o 000 f spa d | ||
| 006 | m o d | ||
| 007 | cr ||||||||||| | ||
| 035 | _a(OCoLC)904398708 | ||
| 040 |
_aDGITA _beng _erda _epn _cDGITA |
||
| 020 |
_a9788446037613 _q(eBook ; _qePub) |
||
| 020 |
_a8446037610 _q(eBook ; _qePub) |
||
| 020 | _z9788446030751 | ||
| 020 | _z8446030756 | ||
| 041 | 1 |
_aspa _hger |
|
| 050 | 1 | 4 | _aPT2621.A26 ebook |
| 082 | 0 | 4 |
_a833.912 _aFIC |
| 100 | 1 |
_aKafka, Franz, _d1883-1924, _eauthor. |
|
| 240 | 1 | 0 |
_aVerwandlung. _lSpanish _s(Fernández Galiano) |
| 245 | 1 | 3 |
_aLa metamorfosis / _cFranz Kafka ; traducción, Pilar Fernández Galiano. |
| 264 | 1 |
_aTres Cantos, Madrid, España : _bEdiciones Akal, S.A., _c[2009] |
|
| 300 | _a1 online resource. | ||
| 336 |
_atext _btxt _2rdacontent |
||
| 337 |
_acomputer _bc _2rdamedia |
||
| 338 |
_aonline resource _bcr _2rdacarrier |
||
| 490 | 1 |
_aAkal básica de bolsillo ; _v199. _aSerie Clásicos de la literatura alemana |
|
| 588 | 0 | _aOnline resource; title from ePub title page (Digitalia, viewed January 11, 2017) | |
| 650 | 0 |
_aAlienation (Social psychology) _vFiction. |
|
| 655 | 7 |
_aPsychological fiction. _2lcgft |
|
| 655 | 0 | _aElectronic books. | |
| 700 | 1 |
_aFernández Galiano, Pilar, _etranslator. |
|
| 700 | 1 |
_iTranslation of: _aKafka, Franz, _d1883-1924. _tVerwandlung. |
|
| 791 | 2 |
_aDigitalia (Firm), _edistributor. |
|
| 793 | 0 |
_gDigitalia eBook Collection: _aAkal |
|
| 776 | 0 | 8 |
_iPrint version: _aKafka, Franz, 1883-1924. _sVerwandlung. Spanish (Fernández Galiano) _tMetamorfosis. _dTres Cantos, Madrid : Akal, [2009] _z9788446030751 _w(OCoLC)500819646 |
| 830 | 0 |
_aAkal bolsillo ; _v199. |
|
| 830 | 0 |
_aAkal bolsillo. _pSerie Clásicos de la literatura alemana. |
|
| 856 | 4 | 0 |
_3Digitalia Hispánica _uhttps://www.digitaliapublishing.com/a/27866/ |
| 910 | _aPremium collection: 2019 | ||
| 942 | _cRAA | ||
| 999 |
_c238927 _d238927 |
||